Datum a čas kvízu
31
Celkem bodů
Celkový počet nahraných bodů na tomto kvízu bez doplňovacích otázek.
6.
Pořadí na kvízu
Konečné umístění týmu na tomto kvízu.
Zaznamenané odpovědi
| # | Otázka | Odpověď | Body | Výsledky |
|---|---|---|---|---|
| 1. | Při úřadu vlády vznikne komise... | Ďáblický hřbitov | 0 | |
| 2. | V Kuvajtu byla v pondělí novin... | Byla vytvořena pomocí umělé inteligence. | 1 | |
| 3. | Agáta Prachařová povila minulý... | Rozárie | 1 | |
| 4. | Ve které zemi byl minulý týden... | ve Finsku | 1 | |
| 5. | Šestý zápas mimořádně zajímavé... | ve 4. prodloužení | 0 | |
| 6. | Pokračujeme představováním fil... | Krakov | 1 | |
| 7. | Sedmý film žebříčku byl natoče... | Mario Puzo, Corleone | 1 | |
| 8. | Jak se jmenuje původem český h... | Jiří Voskovec | 0 | |
| 9. | Jediný francouzský film a prvn... | Nedotknutelní | 1 | |
| 10. | Ve kterém roce byl poprvé uved... | v roce 1999 (odpovědi 1998 a 2000 získávají půl bodu) | 0.5 |